Statistics for ASOIAF- All Dornish Houses

Click here to take the quiz!

General Stats

  • This quiz has been taken 164 times
  • The average score is 13 of 28

Answer Stats

Name% Correct
Martell
96%
Dayne
91%
Yronwood
86%
Uller
80%
Wyl
70%
Santagar
69%
Fowler
63%
Allyrion
60%
Jordayne
60%
Qorgyle
59%
Manwoody
56%
Vaith
54%
Toland
51%
Dalt
49%
Blackmont
46%
Drinkwater
45%
Wells
33%
Dryland
23%
Ladybright
23%
Lake
20%
Shell
20%
Wade
20%
Briar
19%
Brook
19%
Hull
19%
Holt
18%
Brownhill
15%
Gargalon
5%

Score Distribution

Percentile by Number Answered

Percent of People with Each Score

Your Score History

You have not taken this quiz